Statistics for David Hasselhoff Filmography

Click here to take the quiz!

General Stats

  • This quiz has been taken 24 times
    (2 since last reset)
  • The average score is 12 of 140

Answer Stats

TypeYearName% Correct
Film2017Baywatch
100%
TV Show1989-2000Baywatch
100%
Film2006Click
100%
Short Film2015Kung Fury
100%
FilmTBAKung Fury 2
100%
Film2004The SpongeBob SquarePants Movie
100%
TV Show19993rd Rock from the Sun
50%
TV Film2003Baywatch: Hawaiian Wedding
50%
TV Show1995-1997Baywatch Nights
50%
Film1995Baywatch the Movie: Forbidden Paradise
50%
Film1998Baywatch: White Thunder at Glacier Bay
50%
TV Show2010Dancing with the Stars
50%
TV Show2015David Hasselhoff Show
50%
TV Show2008Knight Rider
50%
TV Show1982-1986Knight Rider
50%
CommercialEarly 1980sKnight Rider Toy Car
50%
TV Show2019SpongeBob SquarePants
50%
TV Show2010The Hasselhoffs
50%
TV Show1999Action
0%
Film2004A Dirty Shame
0%
Film2015Alleluia! The Devil's Carnival
0%
TV Show2006-2009America's Got Talent
0%
TV Film2008Anaconda 3: Offspring
0%
TV Show2011Ask Rhod Gilbert
0%
TV Film1994Avalanche
0%
Film1989Bail Out
0%
TV Film1989Baywatch: Panic at Malibu
0%
DocumentaryTBABaywatch: The Documentary
0%
TV Show2011Big Brother
0%
TV Film1985Bridge Across Time
0%
TV Show2011Britain's Got Talent
0%
Video Game2016Call of Duty: Infinite Warfare
0%
TV Show2010Celebrity Juice
0%
FilmTBAC'est Magique!
0%
TV Show2011Chris Moyles' Quiz Night
0%
Web Series2020Close Enough
0%
TV Special2010Comedy Central Roast of David Hasselhoff
0%
Video Game2008Command & Conquer: Red Alert 3
0%
Film2010Dancing Ninja
0%
Film1996Dear God
0%
Concert Film1990DH Live and Forever
0%
TV Show1984Diff'rent Strokes
0%
Commercial2015Dodge
0%
Film2004DodgeBall: A True Underdog Story
0%
Short Film2009Don't Hassel the Hoff
0%
Film2004EuroTrip
0%
Short Film2016F.A.C.T.S.
0%
TV Film1989Fire and Rain
0%
Film2011Fuga de cerebros 2
0%
Film2005Fugitives Run
0%
TV Show2016Gotham Comedy Live
0%
TV Film1996Gridlock
0%
TV Film1976Griffin and Phoenix
0%
Film2017Guardians of the Galaxy Vol. 2
0%
TV Show2015-2016Hoff the Record
0%
Film2011Hop
0%
TV Show2011It's Chris
0%
Short Film2017It's No Game
0%
Commercial2015Jack Link's
0%
Theater1997-2001Jekyll & Hyde
0%
TV Film2001Jekyll & Hyde: The Musical
0%
TV Show2015Jonas & Van Geel
0%
TV Show2002Just Shoot Me!
0%
Film2012Keith Lemon: The Film
0%
Film2007Kickin' It Old Skool
0%
Film2017Killing Hasselhoff
0%
TV Pilot1991Knight Rider 2000
0%
TV Film2016Last Night a DJ Saved My Life
0%
Theater2015Last Night a DJ Saved My Life
0%
Film1998Legacy
0%
Web Mini-Series2017Logan Paul Summer Saga
0%
Film1988Lovable Zanies II
0%
TV Show2022Mask Singer
0%
TV Show2009Meet the Hasselhoffs
0%
Commercial2019mobile.de
0%
Film1992Neon City
0%
TV Show2011Never Mind the Buzzcocks
0%
TV Show2014, 2015Newsreaders
0%
TV Film1998Nick Fury: Agent of S.H.I.E.L.D.
0%
TV Show2017Nightcap
0%
TV Show1997NightMan
0%
Commercial2014Nissan Qashqai
0%
TV Film2000One True Love
0%
Video Game2007Pain
0%
TV Film1988Perry Mason: The Case of the Lady in the Lake
0%
Theater2010-2017Peter Pan
0%
TV Show2011Piers Morgan's Life Stories
0%
Film2012Piranha 3DD
0%
TV Pilot1979Pleasure Cove
0%
Commercial2020, 2021Pluto TV
0%
TV Show1975Police Story
0%
TV Show2013, 2021Promi Big Brother
0%
Film1976Revenge of the Cheerleaders
0%
TV Film1992Ring of the Musketeers
0%
TV Show2009, 2012Robot Chicken
0%
TV Show2011Same Name
0%
TV Show1980Semi-Tough
0%
Web Series2017Seven Bucks Digital Studios
0%
TV Film2001Shaka Zulu: The Citadel
0%
Film2015Sharknado 3: Oh Hell No!
0%
TV Film2016Sharknado: The 4th Awakens
0%
TV Show1985Solid Gold
0%
TV Show2011Sons of Anarchy
0%
Film1978Starcrash
0%
Film1988Starke Zeiten
0%
TV Show2003Still Standing
0%
Film2014Stretch
0%
Commercial2014Subaru
0%
Film1999The Big Tease
0%
TV Short1992The Bulkin Trail
0%
Short Film2012The Carlton Dance
0%
TV Film1984The Cartier Affair
0%
TV Show2012The Celebrity Apprentice Australia
0%
TV Film2012The Christmas Consultant
0%
TV Show1973The Dean Martin Show
0%
Short Film2023The Dee Movie
0%
Film1990The Final Alliance
0%
TV Show2022The Goldbergs
0%
Web Series2017The Grand Tour
0%
TV Special2010The Gulf Is Back
0%
TV Show2021The Helgason Show
0%
TV Film2009The Hoff: When Scott Came to Stay
0%
Short Documentary1975The Lion Roars Again
0%
TV Show1981The Love Boat
0%
TV Show2012The Magicians
0%
Film2002The New Guy
0%
Theater2007-2008The Producers
0%
TV Show2008The Sunday Night Project
0%
Film2000The Target Shoots First
0%
TV Show2000The West Wing
0%
TV Show1978-1982, 2010The Young and the Restless
0%
Film1988Three Crazy Jerks II
0%
Short Film2009To Live and Dine in L.A.
0%
TV Show2015, 2016TripTank
0%
Film2000Welcome to Hollywood
0%
TV Show2000Whose Line Is It Anyway?
0%
TV Show2006Wildboyz
0%
Film1988Witchery
0%
TV Show2021young Sheldon
0%
TV Show2022Za Network
0%

Score Distribution

Percentile by Number Answered

Percent of People with Each Score

Your Score History

You have not taken this quiz since the last reset